[Event "Athens Kaisariani op 1st"]
[Site "Athens"]
[Date "2013.12.28"]
[Round "7"]
[White "Valden, Petros"]
[Black "Papadimitriou, Loukas"]
[Result "1/2-1/2"]
[WhiteElo "2156"]
[BlackElo "2096"]
[PlyCount "103"]
[EventDate "2013.12.21"]
[EventType "swiss"]
[EventRounds "9"]
[EventCountry "GRE"]
[SourceTitle "EXT 2015"]
[Source "ChessBase"]
[SourceDate "2014.11.20"]
[SourceVersion "1"]
[SourceVersionDate "2014.11.20"]
[SourceQuality "1"]

1. Nf3 f5 2. d4 Nf6 3. g3 g6 4. Bg2 Bg7 5. 0-0 0-0 6. c4 d6 7. Nc3 Qe8 8. d5 a5 9. Be3 Na6 10. Qd2 Ng4 11. Bd4 Ne5 12. b3 h6 13. Ne1 Qf7 14. f4 Ng4 15. Bxg7 Qxg7 16. Nf3 Nc5 17. Nd4 Bd7 18. e4 fxe4 19. Nxe4 e5 20. Nxc5 dxc5 21. Ne6 Bxe6 22. dxe6 exf4 23. gxf4 Rad8 24. Qe2 Rxf4 25. Rxf4 Qxa1+ 26. Bf1 Ne5 27. Qf2 Re8 28. Qxc5 Nd3 29. Qd4 Qxd4+ 30. Rxd4 Nc5 31. Bh3 Kg7 32. Rd2 Re7 33. Kf1 h5 34. Re2 Nd3 35. Re4 g5 36. Rd4 Nf4 37. Bf5 Kf6 38. Be4 Nxe6 39. Rd5 Ng7 40. Bc2 b6 41. a3 Re5 42. Rd7 c5 43. Rd6+ Re6 44. Rd5 g4 45. b4 axb4 46. axb4 cxb4 47. Rb5 h4 48. Rxb4 Nf5 49. Bxf5 Kxf5 50. Rb5+ Kf4 51. c5 bxc5 52. Rxc5 1/2-1/2

[Event "Athens Smaok-ch"]
[Site "Greece"]
[Date "2012.10.28"]
[Round "7.1"]
[White "Kokolias, Konstantinos"]
[Black "Valden, Petros"]
[Result "1/2-1/2"]
[WhiteElo "2207"]
[BlackElo "2143"]
[PlyCount "108"]
[EventDate "2012.09.16"]
[EventType "swiss"]
[EventRounds "7"]
[EventCountry "GRE"]
[SourceTitle "EXT 2024"]
[Source "ChessBase"]
[SourceDate "2023.10.10"]
[SourceVersion "1"]
[SourceVersionDate "2023.10.10"]
[SourceQuality "1"]

1. e4 c5 2. d3 Nc6 3. g3 g6 4. Bg2 Bg7 5. f4 d6 6. Nf3 e6 7. 0-0 Nge7 8. c3 0-0 9. Be3 b6 10. a4 Bb7 11. Na3 d5 12. Bf2 dxe4 13. dxe4 Qxd1 14. Raxd1 Rad8 15. Nb5 Nc8 16. Rfe1 Na5 17. e5 Nc4 18. b3 Na5 19. b4 cxb4 20. cxb4 Nc4 21. Nfd4 Bxg2 22. Kxg2 Nb2 23. Rd2 Nxa4 24. Ra2 a6 25. Nc7 Nc3 26. Rxa6 Rd7 27. Ncb5 Nxb5 28. Nxb5 Rd2 29. Nd4 Ne7 30. Rxb6 Rd8 31. Nf3 Rb2 32. Rb7 Nd5 33. b5 Bf8 34. Kf1 Nc3 35. b6 Na4 36. Bd4 Rb3 37. Re3 Rb1+ 38. Kf2 Bc5 39. Bxc5 Nxc5 40. Rc7 Rd5 41. Re2 Rxb6 42. Ng5 Rb7 43. Rxb7 Nxb7 44. Ne4 Rd8 45. Rb2 Na5 46. Rb5 Nc6 47. Rb7 Rb8 48. Rc7 Nb4 49. Nd6 Rf8 50. Kf3 h5 51. h3 Kg7 52. Ne4 Nd5 53. Rb7 Rc8 54. Nd6 Rf8 1/2-1/2

[Event "Athens Smaok-ch"]
[Site "Greece"]
[Date "2012.09.23"]
[Round "2.7"]
[White "Valden, Petros"]
[Black "Antoniadis, Konstantinos"]
[Result "1-0"]
[WhiteElo "2143"]
[BlackElo "1800"]
[PlyCount "139"]
[EventDate "2012.09.16"]
[EventType "swiss"]
[EventRounds "7"]
[EventCountry "GRE"]
[SourceTitle "EXT 2024"]
[Source "ChessBase"]
[SourceDate "2023.10.10"]
[SourceVersion "1"]
[SourceVersionDate "2023.10.10"]
[SourceQuality "1"]

1. d4 Nf6 2. c4 d6 3. Nf3 g6 4. Nc3 Bf5 5. g3 Bg7 6. Bg2 c6 7. 0-0 0-0 8. Ne1 e5 9. d5 Qd7 10. Bg5 h6 11. Bxf6 Bxf6 12. e4 Bg4 13. f3 Bh3 14. dxc6 Nxc6 15. Nd5 Bg7 16. Nc2 Be6 17. Rc1 f5 18. Qd3 f4 19. g4 Rf7 20. Rcd1 Qd8 21. Rf2 a5 22. Qb3 Bf8 23. Bf1 Qg5 24. Qc3 Rd8 25. b3 Rdd7 26. a3 h5 27. h3 hxg4 28. fxg4 Rh7 29. Qf3 Rh4 30. Rdd2 Rdh7 31. b4 axb4 32. axb4 Ne7 33. Nc7 Bc8 34. Ne8 Nc6 35. b5 Nd4 36. Nxd4 exd4 37. Qxf4 Qxf4 38. Rxf4 Rf7 39. Nf6+ Kg7 40. Ne8+ Kg8 41. Nf6+ Kg7 42. Nd5 Rxf4 43. Nxf4 Kf7 44. Rxd4 Bh6 45. Nd5 Be6 46. Kg2 Bc1 47. Rd3 Rh8 48. Rf3+ Kg7 49. Nf4 Bf7 50. Nd3 Bd2 51. c5 dxc5 52. Nxc5 b6 53. Nd7 Ba5 54. Ne5 Be6 55. Nc4 Bxc4 56. Bxc4 g5 57. Rf7+ Kg6 58. Rd7 Rc8 59. Rd6+ Kg7 60. Rc6 Re8 61. Be6 Re7 62. Bf5 Kf8 63. Kf3 Re5 64. Rg6 Rxb5 65. Rxg5 Be1 66. Kg2 Bh4 67. Rh5 Bf6 68. g5 Bg7 69. Rh4 Rb3 70. Rf4 1-0

[Event "Isthmia op-A 2nd"]
[Site "Korinthos"]
[Date "2012.08.22"]
[Round "6"]
[White "Debashis, Das"]
[Black "Valden, Petros"]
[Result "1-0"]
[WhiteElo "2446"]
[BlackElo "2152"]
[PlyCount "75"]
[EventDate "2012.08.18"]
[EventType "swiss"]
[EventRounds "9"]
[EventCountry "GRE"]
[SourceTitle "CBM 150 Extra"]
[Source "ChessBase"]
[SourceDate "2012.10.19"]
[SourceVersion "1"]
[SourceVersionDate "2012.10.19"]
[SourceQuality "1"]

1. d4 Nf6 2. c4 c5 3. d5 b5 4. Nf3 e6 5. dxe6 fxe6 6. cxb5 d5 7. Bg5 Qa5+ 8. Qd2 Qxd2+ 9. Nbxd2 Nbd7 10. e3 c4 11. Be2 Rb8 12. 0-0 Bc5 13. Rfc1 a6 14. a4 Bb4 15. b3 axb5 16. axb5 c3 17. Nb1 Nc5 18. Nd4 e5 19. Nc6 Nxb3 20. Nxc3 Nxc1 21. Rxc1 Ba3 22. Ra1 Bb2 23. Ra2 Bxc3 24. Nxb8 0-0 25. Nc6 Re8 26. Ra7 Ne4 27. Bh4 Be6 28. b6 Nc5 29. b7 Nxb7 30. Rxb7 d4 31. h3 Kf8 32. Be7+ Kg8 33. Bd6 Bc8 34. Ne7+ Kh8 35. Nxc8 Rxc8 36. Bxe5 d3 37. Bxc3 dxe2 38. f3 1-0

[Event "Isthmia op-A 2nd"]
[Site "Korinthos"]
[Date "2012.08.20"]
[Round "4"]
[White "Soumya, Swaminathan"]
[Black "Valden, Petros"]
[Result "1-0"]
[WhiteElo "2271"]
[BlackElo "2152"]
[PlyCount "71"]
[EventDate "2012.08.18"]
[EventType "swiss"]
[EventRounds "9"]
[EventCountry "GRE"]
[SourceTitle "CBM 150 Extra"]
[Source "ChessBase"]
[SourceDate "2012.10.19"]
[SourceVersion "1"]
[SourceVersionDate "2012.10.19"]
[SourceQuality "1"]

1. e4 c5 2. Nf3 d6 3. d4 cxd4 4. Nxd4 Nf6 5. Nc3 g6 6. Be3 Bg7 7. f3 Nc6 8. Qd2 0-0 9. g4 Bxg4 10. fxg4 Nxg4 11. Nb3 d5 12. exd5 Bxc3 13. bxc3 Nxe3 14. Qxe3 Qxd5 15. Rg1 Rad8 16. Bd3 Qh5 17. Qe2 Qh6 18. Qd2 Qh4+ 19. Rg3 e5 20. Qf2 Qh6 21. Nc5 e4 22. Nxe4 f5 23. Ng5 Rfe8+ 24. Kf1 Ne5 25. Bb5 Re7 26. Re1 f4 27. Rg2 Qg7 28. Ba4 Nc4 29. Bb3 Rxe1+ 30. Qxe1 b5 31. Bxc4+ bxc4 32. Qe6+ Kf8 33. Rf2 Qc7 34. Qf6+ Kg8 35. Ne6 f3 36. Qxd8+ 1-0

[Event "Athens op 03-A"]
[Site "Athens"]
[Date "2012.03.20"]
[Round "3"]
[White "Valden, Petros"]
[Black "Prevenios, Mihail"]
[Result "1-0"]
[WhiteElo "2206"]
[BlackElo "1935"]
[PlyCount "63"]
[EventDate "2012.03.06"]
[EventType "swiss"]
[EventRounds "7"]
[EventCountry "GRE"]
[SourceTitle "EXT 2014"]
[Source "ChessBase"]
[SourceDate "2013.11.20"]
[SourceVersion "1"]
[SourceVersionDate "2013.11.20"]
[SourceQuality "1"]

1. e4 d6 2. Nc3 Nf6 3. Nf3 e5 4. d4 exd4 5. Nxd4 Be7 6. Be2 0-0 7. 0-0 c6 8. Bf4 Nbd7 9. Nf5 Ne5 10. Nxe7+ Qxe7 11. Bg3 Rd8 12. Re1 a5 13. a4 b6 14. Qd4 Qc7 15. Rad1 Bb7 16. Bh4 c5 17. Qd2 Qe7 18. Qf4 Ng6 19. Bxf6 gxf6 20. Qg3 Bc6 21. Bb5 Bb7 22. Bc4 Kh8 23. Bd5 Rab8 24. Qf3 Ne5 25. Qf4 Ba6 26. Re3 Rg8 27. Rh3 Rg7 28. Rg3 b5 29. Rxg7 Kxg7 30. Ba2 Ng6 31. Qxd6 Rb7 32. Qxa6 1-0

[Event "Athens Smaok 1900+ 13th"]
[Site "Athens"]
[Date "2011.12.20"]
[Round "7.9"]
[White "Sideris, Theodoros"]
[Black "Valden, Petros"]
[Result "0-1"]
[WhiteElo "1991"]
[BlackElo "2241"]
[PlyCount "181"]
[EventDate "2011.11.08"]
[EventType "swiss"]
[EventRounds "7"]
[EventCountry "GRE"]
[SourceTitle "EXT 2024"]
[Source "ChessBase"]
[SourceDate "2023.10.10"]
[SourceVersion "1"]
[SourceVersionDate "2023.10.10"]
[SourceQuality "1"]

1. e4 c5 2. c3 g6 3. d4 cxd4 4. cxd4 d5 5. exd5 Nf6 6. Nc3 Bg7 7. Nf3 0-0 8. Qb3 Nbd7 9. g3 Nb6 10. Bg2 Nfxd5 11. 0-0 Nxc3 12. bxc3 Be6 13. Qc2 Rc8 14. Ne5 Qxd4 15. cxd4 Rxc2 16. Bxb7 Rxa2 17. Rxa2 Bxa2 18. Nc6 Re8 19. Be3 Bd5 20. Ra1 Nc8 21. Ra5 Bxc6 22. Bxc6 Rd8 23. d5 Bf6 24. Bf4 Bd4 25. Bc7 Rf8 26. Ra4 Bc5 27. Ra5 Bd4 28. Ra4 Bb6 29. Bxb6 axb6 30. Ra6 g5 31. Kf1 Kg7 32. Ke2 f5 33. Bd7 Nd6 34. Rxb6 Ra8 35. Rb2 Kf6 36. Kf1 g4 37. Kg2 Ra3 38. h3 h5 39. hxg4 hxg4 40. Kh2 Rd3 41. Be6 Ne4 42. Kg2 Ng5 43. Rb4 Nh3 44. Rb2 Ng5 45. Rb4 Ne4 46. Rb2 Ke5 47. Re2 Rf3 48. Bc8 Kd4 49. Bb7 Rb3 50. Bc8 Rf3 51. Bb7 Kd3 52. Ba6+ Kd4 53. Bb7 Ra3 54. Bc8 Ke5 55. Rb2 Ra1 56. Re2 Rd1 57. Be6 Kf6 58. f3 gxf3+ 59. Kxf3 Rd3+ 60. Kg2 Rxg3+ 61. Kh2 Rd3 62. Re1 Ke5 63. Bg8 f4 64. Bh7 Re3 65. Rd1 Nf6 66. Bg6 Nxd5 67. Bf7 e6 68. Kg2 Kf6 69. Bh5 Nc3 70. Rd8 Rg3+ 71. Kf2 Ke5 72. Re8 Ne4+ 73. Ke2 Rg2+ 74. Kf1 Rh2 75. Bf7 Ng5 76. Bg6 f3 77. Ra8 Kf4 78. Ra5 Nh3 79. Ke1 Rh1+ 80. Kd2 f2 81. Bd3 f1Q 82. Bxf1 Rxf1 83. Ra6 Ng5 84. Ke2 Rb1 85. Ra8 e5 86. Rf8+ Ke4 87. Ra8 Rb2+ 88. Kd1 Nf3 89. Ra4+ Nd4 90. Ra5 Rb1+ 91. Kd2 0-1

[Event "Athens Smaok 1900+ 13th"]
[Site "Athens"]
[Date "2011.11.29"]
[Round "4.3"]
[White "Valden, Petros"]
[Black "Koutoukidis, Panagiotis"]
[Result "1/2-1/2"]
[WhiteElo "2241"]
[BlackElo "2084"]
[PlyCount "85"]
[EventDate "2011.11.08"]
[EventType "swiss"]
[EventRounds "7"]
[EventCountry "GRE"]
[SourceTitle "EXT 2024"]
[Source "ChessBase"]
[SourceDate "2023.10.10"]
[SourceVersion "1"]
[SourceVersionDate "2023.10.10"]
[SourceQuality "1"]

1. e4 c6 2. Nc3 d5 3. Nf3 Bg4 4. h3 Bxf3 5. Qxf3 e6 6. d3 Nd7 7. Bd2 Ngf6 8. 0-0-0 Bb4 9. Qg3 g6 10. f4 d4 11. Nb1 Bxd2+ 12. Nxd2 Qc7 13. Qf2 c5 14. g4 0-0-0 15. Bg2 Ne8 16. e5 Nb6 17. Rde1 c4 18. Nxc4 Nxc4 19. dxc4 Qxc4 20. Kb1 Nc7 21. Rd1 Rd7 22. Rd3 Rhd8 23. Rhd1 Na6 24. c3 dxc3 25. Bxb7+ Kc7 26. Bxa6 Qxa6 27. Rxc3+ Kb8 28. Rb3+ Ka8 29. Qf3+ Rd5 30. Rbd3 Kb8 31. Rxd5 Rxd5 32. Rxd5 exd5 33. f5 gxf5 34. gxf5 Qa5 35. Qe3 d4 36. Qb3+ Ka8 37. Qf3+ Kb8 38. Qb3+ Ka8 39. Qxf7 Qe1+ 40. Kc2 Qe2+ 41. Kb3 Qb5+ 42. Kc2 Qe2+ 43. Kb3 1/2-1/2

[Event "Athens Smaok 1900+ 13th"]
[Site "Athens"]
[Date "2011.11.22"]
[Round "3.3"]
[White "Koerant, Filipos"]
[Black "Valden, Petros"]
[Result "1-0"]
[WhiteElo "2043"]
[BlackElo "2241"]
[PlyCount "33"]
[EventDate "2011.11.08"]
[EventType "swiss"]
[EventRounds "7"]
[EventCountry "GRE"]
[SourceTitle "EXT 2024"]
[Source "ChessBase"]
[SourceDate "2023.10.10"]
[SourceVersion "1"]
[SourceVersionDate "2023.10.10"]
[SourceQuality "1"]

1. d4 Nf6 2. c4 c5 3. d5 b5 4. Bg5 Ne4 5. Bf4 Qa5+ 6. Nd2 g5 7. Be5 f6 8. Bg3 Bg7 9. f3 Nxg3 10. hxg3 f5 11. Qc2 bxc4 12. Qxf5 Bxb2 13. Rxh7 Bxa1 14. Qxg5 Kd8 15. d6 Re8 16. Rxe7 Ba6 17. Rxe8+ 1-0

[Event "Isthmia op 1st"]
[Site "Vrachati"]
[Date "2011.08.23"]
[Round "7"]
[White "Nikolaidis, Ioannis"]
[Black "Valden, Petros"]
[Result "1-0"]
[WhiteElo "2545"]
[BlackElo "2201"]
[PlyCount "109"]
[EventDate "2011.08.18"]
[EventType "swiss"]
[EventRounds "9"]
[EventCountry "GRE"]
[SourceTitle "CBM 144 Extra"]
[Source "ChessBase"]
[SourceDate "2011.10.28"]
[SourceVersion "1"]
[SourceVersionDate "2011.10.28"]
[SourceQuality "1"]

1. c4 c5 2. Nc3 Nc6 3. Nf3 Nf6 4. e3 e6 5. d4 d5 6. a3 a6 7. dxc5 Bxc5 8. b4 Ba7 9. Bb2 0-0 10. Qc2 Qe7 11. Rc1 d4 12. exd4 Nxd4 13. Nxd4 Bxd4 14. Be2 e5 15. Na4 Bxb2 16. Qxb2 Bf5 17. 0-0 Rad8 18. Rfd1 e4 19. Qc3 Bg4 20. Rxd8 Rxd8 21. Bf1 Qd6 22. h3 Bc8 23. Nb2 h6 24. Rd1 Qc7 25. Qg3 Qe7 26. Rxd8+ Qxd8 27. Qb8 Nd7 28. Qd6 Qf6 29. Qc7 Qc6 30. Qd8+ Nf8 31. c5 Qd7 32. Qxd7 Bxd7 33. Nc4 Ne6 34. Nd6 Bc6 35. Bc4 Nd8 36. Bb3 Kf8 37. Bc2 Ke7 38. Nxe4 Ne6 39. f3 Nd4 40. Bd3 a5 41. Kf2 axb4 42. axb4 Ke6 43. Nc3 Ke5 44. Ke3 g5 45. b5 Bd7 46. Be4 Bc8 47. g3 Nf5+ 48. Bxf5 Bxf5 49. f4+ Kf6 50. h4 Bd7 51. Ne4+ Kf5 52. fxg5 hxg5 53. h5 g4 54. c6 bxc6 55. b6 1-0

[Event "Isthmia op 1st"]
[Site "Vrachati"]
[Date "2011.08.22"]
[Round "6"]
[White "Valden, Petros"]
[Black "Skembris, Spyridon"]
[Result "1/2-1/2"]
[WhiteElo "2201"]
[BlackElo "2475"]
[PlyCount "124"]
[EventDate "2011.08.18"]
[EventType "swiss"]
[EventRounds "9"]
[EventCountry "GRE"]
[SourceTitle "CBM 144 Extra"]
[Source "ChessBase"]
[SourceDate "2011.10.28"]
[SourceVersion "1"]
[SourceVersionDate "2011.10.28"]
[SourceQuality "1"]

1. Nf3 Nf6 2. c4 c5 3. Nc3 Nc6 4. g3 d5 5. cxd5 Nxd5 6. Bg2 Nc7 7. 0-0 e5 8. d3 Be7 9. Nd2 0-0 10. Nc4 f6 11. f4 exf4 12. Bxf4 Ne6 13. Qa4 Nxf4 14. Rxf4 Nd4 15. Qa5 f5 16. Qxd8 Rxd8 17. Rf2 Rb8 18. Nd5 Bg5 19. h4 Be6 20. Nce3 Bxe3 21. Nxe3 g6 22. b3 b6 23. Nc4 Rbc8 24. Rc1 Kg7 25. Ne5 Bd5 26. Bxd5 Rxd5 27. Nf3 Nc6 28. Rff1 Re8 29. Kf2 h6 30. a3 a5 31. Rc3 Rd6 32. e3 Na7 33. b4 axb4 34. axb4 Nb5 35. bxc5 Rd5 36. Rb3 Rxc5 37. Rb2 Nc7 38. Nd4 Nd5 39. Re1 h5 40. e4 fxe4 41. Rxe4 Kf7 42. Rxe8 Kxe8 43. Ne6 Rc6 44. Nf4 Rf6 45. Kf3 Kd7 46. Ke4 Nxf4 47. gxf4 Kc6 48. d4 Re6+ 49. Kd3 Rd6 50. Ke4 b5 51. Rc2+ Kd7 52. Rc5 Rb6 53. Kd3 b4 54. Kc2 b3+ 55. Kb2 Ke6 56. Re5+ Kf6 57. Rg5 Rb4 58. Rd5 Ke6 59. Re5+ Kf6 60. Rd5 Rb8 61. Rg5 Rb7 62. Re5 Rb4 1/2-1/2

[Event "Isthmia op 1st"]
[Site "Vrachati"]
[Date "2011.08.19"]
[Round "2"]
[White "Banikas, Hristos"]
[Black "Valden, Petros"]
[Result "1-0"]
[WhiteElo "2593"]
[BlackElo "2201"]
[PlyCount "53"]
[EventDate "2011.08.18"]
[EventType "swiss"]
[EventRounds "9"]
[EventCountry "GRE"]
[SourceTitle "CBM 144 Extra"]
[Source "ChessBase"]
[SourceDate "2011.10.28"]
[SourceVersion "1"]
[SourceVersionDate "2011.10.28"]
[SourceQuality "1"]

1. Nf3 c5 2. g3 Nf6 3. Bg2 g6 4. c3 Bg7 5. d4 cxd4 6. cxd4 0-0 7. Nc3 d6 8. 0-0 Nc6 9. d5 Nb4 10. h3 Bd7 11. Nd4 a5 12. Be3 Rc8 13. Qd2 Rc4 14. Rfc1 Qa8 15. a3 Na6 16. b3 Rcc8 17. b4 axb4 18. axb4 Qb8 19. Rab1 Rc7 20. Kh2 Qc8 21. b5 Nb8 22. Na4 Rxc1 23. Rxc1 Qd8 24. Qb4 Ne8 25. Nb3 Nf6 26. Na5 Qe8 27. Nb6 1-0

[Event "Kavala op 20th"]
[Site "Kavala"]
[Date "2011.08.05"]
[Round "8"]
[White "Soumya, Swaminathan"]
[Black "Valden, Petros"]
[Result "1/2-1/2"]
[WhiteElo "2338"]
[BlackElo "2201"]
[PlyCount "83"]
[EventDate "2011.07.30"]
[EventType "swiss"]
[EventRounds "9"]
[EventCountry "GRE"]
[SourceTitle "CBM 143 Extra"]
[Source "ChessBase"]
[SourceDate "2011.08.29"]
[SourceVersion "1"]
[SourceVersionDate "2011.08.29"]
[SourceQuality "1"]

1. e4 c5 2. Nf3 d6 3. d4 cxd4 4. Nxd4 Nf6 5. Nc3 g6 6. Be3 Bg7 7. f3 Nc6 8. Qd2 0-0 9. Bc4 Bd7 10. 0-0-0 Rc8 11. Bb3 Nxd4 12. Bxd4 b5 13. a3 a5 14. Nd5 Nxd5 15. Bxg7 Kxg7 16. exd5 Kg8 17. g4 b4 18. axb4 axb4 19. Qxb4 Rc5 20. Rhe1 Qa8 21. Qd4 Rb8 22. Rd3 Qa7 23. Kd2 Qa5+ 24. Ke2 Rb4 25. c4 Bb5 26. Rc1 Qc7 27. Kf2 Bxc4 28. Bxc4 Rbxc4 29. Rxc4 Rxc4 30. Qe3 Rc2+ 31. Rd2 Qc4 32. Kg3 Rxd2 33. Qxd2 Kg7 34. b4 f6 35. Qe3 Kf8 36. Qd2 g5 37. h4 h6 38. h5 Ke8 39. Kg2 Kd7 40. Kf2 Kd8 41. Kg2 Kd7 42. Kf2 1/2-1/2

[Event "Heraklion op"]
[Site "Heraklion"]
[Date "2011.06.19"]
[Round "9"]
[White "Valden, Petros"]
[Black "Goumas, Ioannis"]
[Result "1-0"]
[WhiteElo "2163"]
[BlackElo "2221"]
[PlyCount "53"]
[EventDate "2011.06.11"]
[EventType "swiss"]
[EventRounds "9"]
[EventCountry "GRE"]
[SourceTitle "CBM 142 Extra"]
[Source "ChessBase"]
[SourceDate "2011.06.27"]
[SourceVersion "1"]
[SourceVersionDate "2011.06.27"]
[SourceQuality "1"]

1. Nf3 Nf6 2. c4 g6 3. Nc3 d5 4. cxd5 Nxd5 5. g3 Bg7 6. Bg2 Nxc3 7. bxc3 0-0 8. 0-0 c5 9. Rb1 Nc6 10. Qa4 Qc7 11. Ba3 Bd7 12. Bxc5 Nd4 13. Qb4 Nxe2+ 14. Kh1 Bf5 15. Rb3 Bd3 16. Re1 Rac8 17. Bxa7 b5 18. Ra3 e5 19. Be3 Rfe8 20. Ra7 Qd8 21. Ng5 Nf4 22. gxf4 Rc4 23. Qxb5 exf4 24. Nxf7 Rc8 25. Nxd8 Bxb5 26. Bd5+ Kh8 27. Nf7+ 1-0

[Event "Athens Smaok op 11th"]
[Site "Athens"]
[Date "2011.06.10"]
[Round "6"]
[White "Valden, Petros"]
[Black "Koerant, Filipos"]
[Result "1-0"]
[WhiteElo "2180"]
[BlackElo "2059"]
[PlyCount "80"]
[EventDate "2011.05.10"]
[EventType "swiss"]
[EventRounds "7"]
[EventCountry "GRE"]
[SourceTitle "EXT 2024"]
[Source "ChessBase"]
[SourceDate "2023.10.10"]
[SourceVersion "1"]
[SourceVersionDate "2023.10.10"]
[SourceQuality "1"]

1. Nf3 c5 2. c4 Nf6 3. Nc3 e6 4. g3 b6 5. Bg2 Bb7 6. 0-0 Be7 7. d4 cxd4 8. Qxd4 d6 9. Rd1 a6 10. b3 Nbd7 11. e4 0-0 12. Ba3 Nc5 13. e5 dxe5 14. Qxd8 Rfxd8 15. Nxe5 Bxg2 16. Kxg2 Bf8 17. Bxc5 Bxc5 18. Na4 Kf8 19. b4 Bd4 20. Nc6 Bxa1 21. Nxd8 Ke8 22. Nc6 Rc8 23. b5 axb5 24. cxb5 Nd5 25. Rxa1 Ra8 26. Nb2 Nc3 27. a4 Nxb5 28. Nc4 Nc3 29. Nxb6 Ra6 30. a5 Nd5 31. Nb8 Ra7 32. Nxd5 exd5 33. a6 d4 34. Nc6 Ra8 35. Nxd4 Kd7 36. a7 Kc7 37. Kf3 g6 38. Kf4 Kb7 39. Kg5 f5 40. Kh6 g5 1-0

[Event "Athens Smaok op 11th"]
[Site "Athens"]
[Date "2011.06.07"]
[Round "5"]
[White "Kamenets, Anatolij"]
[Black "Valden, Petros"]
[Result "1-0"]
[WhiteElo "2295"]
[BlackElo "2180"]
[PlyCount "113"]
[EventDate "2011.05.10"]
[EventType "swiss"]
[EventRounds "7"]
[EventCountry "GRE"]
[SourceTitle "EXT 2024"]
[Source "ChessBase"]
[SourceDate "2023.10.10"]
[SourceVersion "1"]
[SourceVersionDate "2023.10.10"]
[SourceQuality "1"]

1. d4 Nf6 2. c4 c5 3. d5 b5 4. cxb5 a6 5. bxa6 g6 6. Nc3 Bxa6 7. f4 Bg7 8. Nf3 d6 9. e4 Bxf1 10. Rxf1 0-0 11. e5 Ne8 12. Kf2 Nd7 13. Re1 Nc7 14. a4 Nb6 15. a5 Nc4 16. Re4 Rxa5 17. Rxa5 Nxa5 18. Qa4 Qa8 19. exd6 exd6 20. Re7 Bxc3 21. Rxc7 Qb8 22. Qd7 Bxb2 23. Be3 Nc4 24. Ng5 Qe8 25. Qe7 Nxe3 26. Kxe3 Bf6 27. Qxe8 Rxe8+ 28. Kd3 Bxg5 29. fxg5 Re5 30. Kc4 Rxg5 31. g3 Rh5 32. Rd7 Rxh2 33. Rxd6 Rc2+ 34. Kb5 Rc3 35. g4 Rg3 36. Rd8+ Kg7 37. d6 Rxg4 38. Kxc5 Rg1 39. Re8 Rc1+ 40. Kb6 h5 41. d7 Rd1 42. d8Q Rxd8 43. Rxd8 h4 44. Kc5 Kh6 45. Kd4 Kg5 46. Ke3 Kg4 47. Kf2 f5 48. Rd3 g5 49. Kg2 Kh5 50. Kf3 g4+ 51. Kf4 g3 52. Rd8 Kg6 53. Rg8+ Kf6 54. Rg5 Ke6 55. Rg6+ Kf7 56. Kxf5 Ke7 57. Rg4 1-0

[Event "Athens Smaok op 11th"]
[Site "Athens"]
[Date "2011.05.31"]
[Round "4"]
[White "Valden, Petros"]
[Black "Kourkoulos Arditis, Stamatis"]
[Result "1-0"]
[WhiteElo "2180"]
[BlackElo "2102"]
[PlyCount "49"]
[EventDate "2011.05.10"]
[EventType "swiss"]
[EventRounds "7"]
[EventCountry "GRE"]
[SourceTitle "EXT 2024"]
[Source "ChessBase"]
[SourceDate "2023.10.10"]
[SourceVersion "1"]
[SourceVersionDate "2023.10.10"]
[SourceQuality "1"]

1. Nf3 Nf6 2. c4 e6 3. Nc3 Bb4 4. g3 b6 5. Bg2 Bb7 6. 0-0 0-0 7. Qc2 d6 8. a3 Bxc3 9. Qxc3 Nbd7 10. b4 c5 11. d3 Rc8 12. Bb2 d5 13. cxd5 cxb4 14. Qd4 Bxd5 15. axb4 Rc2 16. e4 Bb7 17. Rxa7 Qb8 18. Ra2 e5 19. Qe3 Qe8 20. Bh3 Qe7 21. Ne1 Rc7 22. f4 Qxb4 23. fxe5 Qb3 24. exf6 Qxa2 25. Qg5 1-0

[Event "Athens Smaok op 11th"]
[Site "Athens"]
[Date "2011.05.17"]
[Round "2"]
[White "Valden, Petros"]
[Black "Maroulakos, Stavros"]
[Result "1-0"]
[WhiteElo "2180"]
[BlackElo "1782"]
[PlyCount "69"]
[EventDate "2011.05.10"]
[EventType "swiss"]
[EventRounds "7"]
[EventCountry "GRE"]
[SourceTitle "EXT 2024"]
[Source "ChessBase"]
[SourceDate "2023.10.10"]
[SourceVersion "1"]
[SourceVersionDate "2023.10.10"]
[SourceQuality "1"]

1. d4 Nf6 2. c4 g6 3. Nf3 Bg7 4. g3 0-0 5. Bg2 d6 6. 0-0 Nc6 7. Nc3 e5 8. d5 Ne7 9. e4 c5 10. dxc6 Nxc6 11. h3 Be6 12. b3 Nd4 13. Be3 Nxf3+ 14. Qxf3 Qc8 15. Bg5 Nh5 16. Kh2 f5 17. Be7 Rf7 18. exf5 Rxe7 19. fxe6 Nf6 20. Nd5 Rxe6 21. Nxf6+ Rxf6 22. Qxb7 Qxb7 23. Bxb7 Raf8 24. Bd5+ Kh8 25. Kg2 e4 26. Rae1 e3 27. Rxe3 Rf5 28. Re7 Bd4 29. f3 Re5 30. Re1 Rc8 31. f4 Rxe1 32. Rxe1 a5 33. Re7 Rb8 34. Bc6 Rb6 35. Ba4 1-0

[Event "Athens Smaok op 10th"]
[Site "Athens"]
[Date "2011.05.03"]
[Round "7"]
[White "Kokolias, Konstantinos"]
[Black "Valden, Petros"]
[Result "1/2-1/2"]
[WhiteElo "2163"]
[BlackElo "2163"]
[PlyCount "49"]
[EventDate "2011.03.15"]
[EventType "swiss"]
[EventRounds "7"]
[EventCountry "GRE"]
[SourceTitle "EXT 2024"]
[Source "ChessBase"]
[SourceDate "2023.10.10"]
[SourceVersion "1"]
[SourceVersionDate "2023.10.10"]
[SourceQuality "1"]

1. e4 c5 2. Nf3 e6 3. d4 cxd4 4. Nxd4 Nc6 5. Nc3 Qc7 6. Be3 a6 7. Be2 Nf6 8. 0-0 Bb4 9. Na4 Be7 10. Nxc6 bxc6 11. Nb6 Rb8 12. Nxc8 Qxc8 13. Bd4 c5 14. Be5 Rb6 15. Qd3 d6 16. Bc3 0-0 17. b3 d5 18. exd5 Nxd5 19. Bd2 Nb4 20. Qc4 Rd6 21. Bxb4 cxb4 22. Qxb4 Qxc2 23. Bxa6 Rxa6 24. Qxe7 Rxa2 25. Rxa2 1/2-1/2

[Event "Thessaloniki Triandria op 4th"]
[Site "Thessaloniki"]
[Date "2011.04.30"]
[Round "8"]
[White "Kanakaris, Georgios"]
[Black "Valden, Petros"]
[Result "1-0"]
[WhiteElo "2283"]
[BlackElo "2163"]
[PlyCount "87"]
[EventDate "2011.04.25"]
[EventType "swiss"]
[EventRounds "9"]
[EventCountry "GRE"]
[SourceTitle "CBM 142 Extra"]
[Source "ChessBase"]
[SourceDate "2011.06.27"]
[SourceVersion "1"]
[SourceVersionDate "2011.06.27"]
[SourceQuality "1"]

1. d4 Nf6 2. Nf3 c5 3. e3 g6 4. Be2 Bg7 5. 0-0 b6 6. b3 0-0 7. Bb2 Bb7 8. c4 cxd4 9. exd4 d5 10. Nc3 Nc6 11. Ne5 dxc4 12. Bf3 Qc8 13. Nxc4 Rd8 14. Ne2 Nb4 15. Ng3 Bxf3 16. Qxf3 Nbd5 17. h3 Qc7 18. Ne5 Rac8 19. Rac1 Qb7 20. Ne4 Nxe4 21. Qxe4 e6 22. Rc4 b5 23. Rc5 Bf8 24. Rfc1 Bxc5 25. dxc5 f5 26. Qd4 Nf6 27. Qh4 Qg7 28. Nf3 Rf8 29. Be5 h6 30. c6 g5 31. Qb4 a6 32. Qd6 Qf7 33. Bb2 Kh7 34. Ne5 Qe8 35. Ba3 Rg8 36. Bb2 Rf8 37. Re1 Ne4 38. Qd4 Qd8 39. Nd7 Rf7 40. Rxe4 fxe4 41. Qxe4+ Rf5 42. g4 Rxc6 43. gxf5 Rd6 44. fxe6+ 1-0